MARC details
| 000 -LEADER |
| campo de control de longitud fija |
02886nam a2200397 i 4500 |
| 001 - NÚMERO DE CONTROL |
| campo de control |
196979 |
| 003 - IDENTIFICADOR DE NÚMERO DE CONTROL |
| campo de control |
ES-GrU |
| 005 - FECHA Y HORA DE LA ÚLTIMA TRANSACCIÓN |
| campo de control |
20250813063346.0 |
| 007 - CAMPO FIJO DE DESCRIPCIÓN FÍSICA--INFORMACIÓN GENERAL |
| campo de control de longitud fija |
ta |
| 008 - DATOS DE LONGITUD FIJA--INFORMACIÓN GENERAL |
| campo de control de longitud fija |
250306s2024 sp a 000 0 spa#d |
| 017 ## - NÚMERO DE COPYRIGHT O DE DEPÓSITO LEGAL |
| Número de copyright o de depósito legal |
M-28041-2024 |
| Agencia que asigna |
Oficina Depósito Legal Madrid |
| 020 ## - NÚMERO INTERNACIONAL ESTÁNDAR DEL LIBRO |
| Número Internacional Estándar del Libro |
9788412953299 |
| 040 ## - FUENTE DE CATALOGACIÓN |
| Centro catalogador/agencia de origen |
UGR |
| Normas de descripción |
rda |
| Lengua de catalogación |
spa |
| Centro/agencia transcriptor |
ES-MaACL |
| 080 ## - NÚMERO DE LA CLASIFICACIÓN DECIMAL UNIVERSAL |
| Número de la Clasificación Decimal Universal |
314.74 |
| 080 ## - NÚMERO DE LA CLASIFICACIÓN DECIMAL UNIVERSAL |
| Número de la Clasificación Decimal Universal |
325 |
| 100 1# - ENTRADA PRINCIPAL--NOMBRE DE PERSONA |
| Nombre de persona |
Arbide Aza, Hibai |
| 9 (RLIN) |
239734 |
| Término indicativo de función/relación |
Autor |
| 240 10 - TÍTULO UNIFORME |
| Título uniforme |
Con el agua al cuello |
| 245 10 - MENCIÓN DEL TÍTULO |
| Título |
Con el agua al cuello : |
| Resto del título |
Muertes y devoluciones en caliente en la peor frontera de Europa / |
| Mención de responsabilidad, etc. |
Hibai Arbide Haza. |
| 264 #1 - PRODUCCIÓN, PUBLICACIÓN, DISTRIBUCIÓN, FABRICACIÓN Y COPYRIGHT |
| Producción, publicación, distribución, fabricación y copyright |
Madrid : |
| Nombre del de productor, editor, distribuidor, fabricante |
Capitán Swing, |
| Fecha de producción, publicación, distribución, fabricación o copyright |
2025 |
| 300 ## - DESCRIPCIÓN FÍSICA |
| Extensión |
318 paginas ; |
| Dimensiones |
23 cm |
| 336 ## - TIPO DE CONTENIDO |
| Término de tipo de contenido |
texto |
| Código de tipo de contenido |
txt |
| Fuente |
rdacontent |
| 337 ## - TIPO DE MEDIO |
| Nombre/término del tipo de medio |
sin mediación |
| Código del tipo de medio |
n |
| Fuente |
rdamedia |
| 338 ## - TIPO DE SOPORTE |
| Nombre/término del tipo de soporte |
volumen |
| Código del tipo de soporte |
nc |
| Fuente |
rdacarrier |
| 520 3# - RESUMEN, ETC. |
| Sumario, etc. |
Las devoluciones en caliente, también llamadas pushbacks, se han convertido en un elemento central en la política migratoria griega y, por lo tanto, europea. Más de 100.000 personas han sido abandonadas a la deriva en mar abierto tras ser interceptadas en el mar cuando intentaban llegar a las islas griegas o después de haber alcanzado tierra firme. Esta práctica no solo vulnera el derecho a solicitar asilo, sino que amenaza gravemente derechos fundamentales como el derecho a la vida, a la integridad física y a la libertad. En el mar, los refugiados son detenidos en aguas griegas por embarcaciones tripuladas por "los hombres encapuchados", un cuerpo paramilitar que actúa coordinado con los guardacostas. Estos destruyen el motor de las barcas antes de remolcarlas a aguas turcas y abandonarlas a su suerte. En ocasiones los refugiados son forzados a subir a embarcaciones de la guardia costera griega, donde les propinan palizas y les roban sus pertenencias antes de ser coaccionados a subir a balsas salvavidas inflables para dejarlos a la deriva. Con el agua al cuello explica como, en solo diez años, Lesbos y otras islas griegas han pasado de ser un ejemplo de solidaridad conocido en el mundo entero, a un lugar donde se cometen atrocidades cada día mientras Europa miras para otro lado. |
| Fuente |
(Texto del editor) |
| 650 #0 - PUNTO DE ACCESO ADICIONAL DE MATERIA--TÉRMINO DE MATERIA |
| Término de materia o nombre geográfico como elemento de entrada |
Refugiados- |
| Subdivisión geográfica |
Grecia |
| Fuente del encabezamiento o término |
EMBUS |
| 9 (RLIN) |
239735 |
| 650 #0 - PUNTO DE ACCESO ADICIONAL DE MATERIA--TÉRMINO DE MATERIA |
| Término de materia o nombre geográfico como elemento de entrada |
Emigración e inmigración- |
| Subdivisión geográfica |
Grecia |
| Fuente del encabezamiento o término |
EMBUS |
| 9 (RLIN) |
239736 |
| 650 #7 - PUNTO DE ACCESO ADICIONAL DE MATERIA--TÉRMINO DE MATERIA |
| Término de materia o nombre geográfico como elemento de entrada |
Derechos humanos |
| Fuente del encabezamiento o término |
embne |
| 9 (RLIN) |
11770 |
| 650 #0 - PUNTO DE ACCESO ADICIONAL DE MATERIA--TÉRMINO DE MATERIA |
| Término de materia o nombre geográfico como elemento de entrada |
Devoluciones en caliente- |
| Subdivisión geográfica |
Grecia |
| Fuente del encabezamiento o término |
EMBUS |
| 9 (RLIN) |
239737 |
| 651 #0 - PUNTO DE ACCESO ADICIONAL DE MATERIA--NOMBRE GEOGRÁFICO |
| Nombre geográfico |
Grecia- |
| Subdivisión general |
Devoluciones en caliente |
| 9 (RLIN) |
239739 |
| 852 ## - LOCALIZACIÓN |
| Ubicación |
ES-MaACL |
| Ubicación en estantería |
Depósito J |
| Número de control de estantería |
N-10414 |
| Anotaciones manuscritas |
Dedicatoria autógra del autor |
| Donativo/Legado |
Donación: Hibai Arbide Aza |
| Encuadernación |
Encuaderanción rústica con solapas |
| itemnumber |
206537 |
| 903 ## - NOMBRE PERSONAL DE DONANTE |
| 9 |
239734 |
| a |
Arbide Aza, Hibai |
| e |
Donante |
| 942 ## - ELEMENTOS DE ENTRADA SECUNDARIOS (KOHA) |
| Tipo de ítem Koha |
Libro impreso |
| Suprimir en OPAC |
No |